000 00398nam a2200145Ia 4500
008 230711s9999||||xx |||||||||||||| ||und||
041 _aENG
082 _a624
_bKA-W
100 _aKaufman,James A.
245 0 _aWaste disposal in academic institutions
250 _a1st . Ed.
260 _c1990
_aNew York
_bEWP(Affiliated East-West Press Private Limited)
650 _aCivil Engineering
942 _cBK
999 _c635
_d635